000 00890nam a2200265 a 4500
001 000021390
005 20240530073919.0
008 100907s2007 dr 000 f spa d
020 _z1881715604
040 _aDO-SdBNP
_bspa
_cBNPHU
082 _aRD863.44
_bV145b, 2007
100 1 _aValdez, Pedro Antonio,
_d1968-
_922509
245 1 0 _aBachata del ángel caído /
_cPedro Antonio Valdez.
250 _a5a. ed.
260 _aSan Juan, Puerto Rico
_aSanto Domingo :
_bIsla Negra,
_c2007.
300 _a187 p. ;
_c22 cm.
490 1 _aLa montaña de papel
500 _aIncluye datos biográficos del autor en la solapa de la cubierta
586 _aPremio Nacional de Novela
590 _aInventariado, 2020 /LP
650 0 _aNovela dominicana
_9223
650 0 _aLiteratura dominicana.
_967
830 0 _aLa montaña de papel
_91186
910 _aValidado. Control de calidad MMOLINA
999 _c20890
_d20890